| 000 | 00476nmm a22001817a 4500 | ||
|---|---|---|---|
| 005 | 20170120190455.0 | ||
| 008 | 150615b xxu||||| |||| 00| 0 spa d | ||
| 041 | _aeng | ||
| 082 | _aMD 248 | ||
| 100 |
_aChaves Torres, Joselyn _93154 |
||
| 245 | _aInforme de práctica supervisada en laboratorio SOL DENT | ||
| 260 | _c2015 | ||
| 502 | _aChaves Torres, Joselyn | ||
| 650 |
_aMECÁNICA DENTAL _936719 |
||
| 650 |
_aZIRCONIO _93156 |
||
| 650 |
_aCAD/CAM _93157 |
||
| 942 | _cIP | ||
| 999 |
_c6240 _d6240 |
||